| 000 | 01040nam a2200277 a 4500 | ||
|---|---|---|---|
| 001 | 36537 | ||
| 003 | BD-RjUL | ||
| 005 | 20211209052512.0 | ||
| 008 | 140625s1980 bg k s s000 0 eng d | ||
| 035 | _a(BD-RjUL)36637 | ||
| 040 |
_aDLC _cDLC _dDLC _dBD-RjUL _beng |
||
| 041 | _aeng | ||
| 082 | 0 | 0 |
_a331.11095492 _219 _bPIO 1980 |
| 245 | 0 | 4 | _aThe pilot manpower survey, 1979. / |
| 260 |
_a[Dacca] : _bNational Manpower Survey of Bangladesh, Manpower and Employment Wing, Bangladesh Bureau of Statistics, Statistics Division, Ministry of Planning, Govt. of the People's Republic of Bangladesh, _c1980. |
||
| 300 |
_a69 p. : _bill. ; _c29 cm. |
||
| 490 | 1 | _aFirst report / National Manpower Survey | |
| 500 | _aCover title. | ||
| 650 | 0 |
_aLabor supply _zBangladesh. _9108645 |
|
| 830 | 0 |
_v1st. _9111267 |
|
| 710 | 2 |
_aBaṃlādeśa Jātīẏa Janaśakti Samīkshā. _9111265 |
|
| 830 | 0 |
_aReport (Bāṃlādeśa Jātīẏa Janaśakti Samīkshā) ; _9111268 |
|
| 942 |
_2ddc _cBK |
||
| 999 |
_c36537 _d36537 |
||